Longest English Words - Statistics

General Stats
  • This quiz has been taken 53 times
  • The average score is 5 of 22
Answer Stats
Letters Answer % Correct
45 Pneumonoultramicroscopicsilicovolcanoconiosis
89%
189,819 Methionylthreonylthreonylglutaminylalanyl…isoleucine
60%
34 Supercalifragilisticexpialidocious
49%
28 Antidisestablishmentarianism
46%
36 Hippopotomonstrosesquippedaliophobia
43%
29 Floccinaucinihilipilification
40%
30 Pseudopseudohypoparathyroidism
37%
52 Aequeosalinocalcalinoceraceoaluminosocupreovitriolic
20%
27 Honorificabilitudinitatibus
17%
25 Thyroparathyroidectomized
11%
23 Dichlorodifluoromethane
9%
30 Eellogofusciouhipoppokunurious
9%
21 Incomprehensibilities
9%
24 Pseudohypoparathyroidism
9%
17 Sesquipedalianism
9%
19 Xenotransplantation
9%
22 Otorhinolaryngological
6%
26 Pneumoencephalographically
6%
21 Pneumoencephalography
6%
14 Tergiversation
6%
16 Trichotillomania
6%
15 Uncopyrightable
6%
No matching quizzes found
Score Distribution
Percent of People with Each Score
Percentile by Number Answered
Your Score History
You have not taken this quiz